| 000 | 00736nam a2200241Ia 4500 | ||
|---|---|---|---|
| 003 | OSt | ||
| 005 | 20260202160412.0 | ||
| 008 | 220923b |||||||| |||| 00| 0 eng d | ||
| 020 | _a0333433289 | ||
| 037 | _cGeneral Book | ||
| 040 |
_aRTL _cRTL _beng |
||
| 041 |
_2eng _aeng |
||
| 084 |
_a Y:44.1(X).N8, N0 _q RTL |
||
| 100 |
_aTheobald Robin _9143175 |
||
| 245 | 0 | _aCorruption,development and underdevelopment | |
| 260 |
_aLondon _bMacmillan _c1990 |
||
| 300 |
_axi, 191 p. _bIncludes bibliographical references and index |
||
| 500 | _aBibliography: P 170-80 | ||
| 650 |
_aSocial Evil _91113197 |
||
| 650 |
_aSociology _91113198 |
||
| 942 |
_hY:44.1(X).N8, N0 _cGB _2CC _n0 |
||
| 999 |
_c572144 _d572144 |
||